| 000 | 01224nam a2200289 i 4500 | ||
|---|---|---|---|
| 001 | bg | ||
| 245 | 7 | 0 |
_aSztuczna inteligencja w diagnostyce i nadzorowaniu : _bIV Naukowa Szkoła Nadzorowania i Diagnostyki Systemów Obróbkowych / _cpod red. Jerzego Jędrzejewskiego, Bogusława Reifura. |
| 246 | 1 | 1 | _aArtificial intelligence in diagnostics and controlling |
| 260 |
_aWrocław : _bOficyna Wydaw. Politechniki Wrocławskiej, _c1995. |
||
| 300 |
_a215, [2] s. : _brys., wykr. ; _c24 cm. |
||
| 490 | 1 |
_aPrace Naukowe Instytutu Technologii Maszyn i Automatyzacji Politechniki Wrocławskiej. Konferencje, _x0324-9375 ; _v23 |
|
| 500 | _aSer. gł. : 0867-7778; 57. | ||
| 650 | 9 | _aInteligencja sztuczna | |
| 650 | 9 | _aSystemy ekspertowe | |
| 650 | 9 | _aObrabiarki | |
| 650 | 9 | _aSkrawanie | |
| 650 | 9 | _aDiagnostyka techniczna | |
| 655 | _aMateriały konferencyjne | ||
| 700 | 1 |
_aJĘDRZEJEWSKI, Jerzy. _eRed. |
|
| 700 | 1 |
_aREIFUR, Bogusław. _eRed. |
|
| 830 | 0 |
_aPrace Naukowe Instytutu Technologii Maszyn i Automatyzacji Politechniki Wrocławskiej. _pKonferencje ; _v23 |
|
| 040 | _cBPK | ||
| 041 | 0 | _apl | |
| 080 | _a681.325.05/.06:621.9:681.518.5](061.3) | ||
| 942 | _cKS | ||
| 008 | s pl f |000 0 pol | ||
| 999 |
_c30948 _d30948 |
||
| 856 |
_uhttp://koha.tu.koszalin.pl/cgi-bin/koha/opac-detail.pl?biblionumber=30948 _yKatalog online BPK |
||